000 00536nam a2200145Ia 4500
008 100204s9999 xx 000 0 und d
082 _b18638
100 _aचोडणकर अ. आ.
245 _aनामदार जगन्नाथ शंकरशेट
260 _b"आपलं प्रकाशन, मुंबई"
_c1995
300 _a176
630 _aनामदार जगन्नाथ शंकरशेट
730 _aनामदार जगन्नाथ शंकरशेट
942 _cBOOK
999 _c463061
_d463058